000 00916nam a2200193 a 4500
001 47975
005 20180714032120.0
008 140415s1995 000 0 eng d
020 _a013737867X
041 _aeng
082 _a320.6
_bMCC
100 1 _aMCCOOL, DANIEL C.
245 1 0 _aPUBLIC POLICY THEORIES, MODELS, AND CONCEPTS :
_bAN ANTHOLOGY
250 _a1a ed.
260 _a[s.l.] :
_bPRENTICE-HALL, INC.,
_c1995
300 _a474
_c22.5 x 15.3 x 2.4
520 _aESTE LIBRO ES EL RESULTADO DIRECTO DE MI INTERACCIÓN CON ESTUDIANTES GRADUADOS EN LA MAESTRIA DE EJECUTIVO EN ADMINISTRACIÓN PÚBLICA DE LA UNIVERSIDAD DE LA UTAH; LOS CUALES ME ENSEÑARON LO GRANDIOSO DE ENSEÑAR TEORÍA . UNA VEZ QUE LEAN ESTE LIBRO PODRÁN DESECHAR CUALQUIER DUDA PRESENTADA EN CUALQUIER OTRO LIBRO Y TENDRÁN ACCESO A LOS COMENTARIOS QUE SON ÚTILES Y CONSTRUCTIVOS
650 1 4 _aCIENCIAS POLITICAS
999 _c47975
_d47975